| 000 | 01174nam a2200277 i 4500 | ||
|---|---|---|---|
| 001 | 190807 | ||
| 003 | ES-MaACL | ||
| 005 | 20251010184609.0 | ||
| 008 | 220719s2019 sp a 001 0bspa | ||
| 020 | _a978-84-949858-0-5 | ||
| 080 | _a929 Nozaleda, Bernardino | ||
| 100 | 1 |
_aLlavona Uribelarrea, Miguel Ángel. _9173994 |
|
| 245 | 1 | 0 |
_aBernardino Nozaleda y Villa : _bPruneda (Nava) 1844 - Madrid 1927 / _cMiguel Ángel Llavona Uribelarrea, Rafael Llavona Uribelarrea. |
| 250 | _aEd. revisada el día 29 de septiembre de 2019. | ||
| 260 |
_aOviedo : _b[s.n.], _c2019 ( _fHifer Artes Gráficas) |
||
| 300 |
_a686 p. : _bil. ; _c24 cm. |
||
| 504 | _aBibliografía: p. 653-686. | ||
| 600 | 1 | 4 |
_aNozaleda, Bernardino. _9174863 |
| 700 | 1 |
_aLlavona Uribelarrea, Rafael, _d1944- _9173993 |
|
| 852 | 4 |
_aES-MaACL _jA-14999 _9197990 _bR.152903 _cDEPO1 _dOlim: N-7999 _hDonacion: Miguel Ángel Llavona Uribelarrea y Rafael Llavona Uribelarrea |
|
| 903 |
_aLlavona Uribelarrea, Rafael, _d1944- _ednr _9173993 |
||
| 903 |
_9173994 _aLlavona Uribelarrea, Miguel Ángel _ednr |
||
| 942 |
_2udc _cMONOGRAFIA |
||
| 999 |
_c190807 _d190807 |
||